Score 0/40 Timer 10:00
8 Plays Today
Line Character % Correct
''I'm not Fred, I'm George.''Fred
85.6%
''Gran, I've lost my toad again.''Neville
84.6%
''Borrowed it, Professor Dumbledore, sir.''Hagrid
84.1%
''Little tyke.''Mr. Dursley
82.7%
''P-p-potter, c-can't t-tell you how p-pleased I am to meet you.''Professor Quirrell
81.1%
''Has anyone seen a toad?''Hermione
81.1%
''Won't!'' (US) / ''Shan't!'' (UK)Dudley
80.1%
''Mom - geroff.''Ron
79.1%
''Password?''The Fat Lady
77.3%
''I should have known.''Albus Dumbledore
72.2%
''No. Why?''Mrs. Dursley
72.1%
''How did you know it was me?''Professor McGonagall
71.3%
''- packed with Muggles, of course -''Mrs. Weasley
69.1%
''Ah, yes. Harry Potter.''Professor Snape
68.6%
''Oooooooh! Ickle firsties!''Peeves
66.7%
''My dear Friar, haven't we given Peeves all the chances he deserves?''Nearly Headless Nick
65.7%
''Nearly.''Harry
65.6%
''Can't stay long, Mother.''Percy
65.6%
''And the Quaffle is taken immediately by Angelina Johnson of Gryffindor -''Lee Jordan
64.7%
''I'm half-and-half.''Seamus
64.1%
Line Character % Correct
''The usual, Hagrid?''Tom
62.8%
''Sniff around, my sweet, they might be lurking in a corner.''Filch
58.2%
''Want a hand?''George
54.7%
''Hello. Hogwarts, too?''Draco Malfoy
52.3%
''Oh, you may not think I'm pretty...''The Sorting Hat
49.7%
''Forgive and forget, I say, we ought to give him a second chance -''The Fat Friar
48.6%
''Nine and three-quarters!''Ginny
45.4%
''Send him off, ref! Red card!''Dean Thomas
44.1%
''Hogwarts, dear?''Madam Malkin
42.7%
''One speed only.''Griphook
41.5%
''Good afternoon.''Mr. Ollivander
39.4%
''Ooh, sticking up for Longbottom?''Pansy Parkinson
36.3%
''Well, what are you waiting for?''Madam Hooch
35.6%
''Delighted, Mr. Potter, just can't tell you.''Dedalus Diggle
35.4%
''DUDLEY! MR. DURSLEY!''Piers
35.3%
''Are you serious, Professor?''Oliver Wood
33.2%
''And women.''Angelina Johnson
28.1%
''Not arguing, I hope, boys?''Professor Flitwick
27.9%
''Shut up, Malfoy.''Parvati Patil
27%
''He didn't catch it, he nearly swallowed it!''Marcus Flint
24.7%
Remove Ads.
Support Sporcle.
Get the best of Sporcle when you Go Orange. This ad-free experience offers more features, more stats, and more fun while also helping to support Sporcle. Thank you for becoming a member.

You're not logged in!

Compare scores with friends on all Sporcle quizzes.
OR
Log In

Sporcle TV

The Pottermasters - Harry Potter Character by First Line Quiz


Watch as the Pottermasters test their masterful Harry Potter knowledge. Can they name the characters from Harry Potter and the Sorcerer's Stone by their first line of dialogue?

Show Comments

Extras

Top Quizzes Today


Score Distribution

Paid Content

Your Account Isn't Verified!

In order to create a playlist on Sporcle, you need to verify the email address you used during registration. Go to your Sporcle Settings to finish the process.

Report this User

Report this user for behavior that violates our Community Guidelines.

Details: